[Event "Regionalliga SW 0001"]
[Site "Bayern"]
[Date "2001.04.01"]
[Round "8"]
[White "Schmidt, Bernhard"]
[Black "Oberhofer, Max"]
[Result "0-1"]
[WhiteElo "2245"]
[BlackElo "2115"]
[PlyCount "98"]
[EventDate "2000.10.15"]
[EventType "team-tourn"]
[EventRounds "9"]
[EventCountry "GER"]
[SourceTitle "EXT 2020"]
[Source "ChessBase"]
[SourceDate "2019.10.17"]
[SourceVersion "1"]
[SourceVersionDate "2019.10.17"]
[SourceQuality "1"]
[WhiteTeam "Klosterlechfeld"]
[BlackTeam "Sonthofen"]
[WhiteTeamCountry "GER"]
[BlackTeamCountry "GER"]

1. d4 Nf6 2. c4 e6 3. Nc3 c5 4. d5 exd5 5. cxd5 d6 6. e4 g6 7. f4 Bg7 8. Nf3 0-0 9. Be2 Re8 10. e5 dxe5 11. fxe5 Ng4 12. Bg5 Qa5 13. 0-0 Nxe5 14. Qd2 Nbd7 15. d6 Nb6 16. Qf4 Bf5 17. Rad1 a6 18. Nh4 Be6 19. Ne4 Nbd7 20. a3 c4 21. Be7 Qb6+ 22. Kh1 Qxb2 23. Rd2 Qxa3 24. Ng5 Rxe7 25. dxe7 Qxe7 26. Ne4 b5 27. Nf3 Rc8 28. Rc1 Nxf3 29. Bxf3 Ne5 30. Be2 Bf5 31. Nd6 Rd8 32. Nxf5 gxf5 33. Rxd8+ Qxd8 34. Qxf5 Qd2 35. Qf1 Qe3 36. Re1 Qd4 37. Bh5 Qd5 38. Qf5 Qe6 39. Qe4 Qe8 40. Rf1 Qd7 41. Qa8+ Bf8 42. Qxa6 b4 43. Bxf7+ Nxf7 44. Qxc4 Qb7 45. Rf3 Qe7 46. h3 Bg7 47. g3 Qb7 48. Kg2 Kf8 49. Kf2 Qxf3+ 0-1

[Event "Regionalliga SW 0001"]
[Site "Bayern"]
[Date "2001.03.11"]
[Round "7"]
[White "Oberhofer, Max"]
[Black "Glaser, Wolfgang"]
[Result "1-0"]
[WhiteElo "2115"]
[BlackElo "2170"]
[PlyCount "77"]
[EventDate "2000.10.15"]
[EventType "team-tourn"]
[EventRounds "9"]
[EventCountry "GER"]
[SourceTitle "EXT 2020"]
[Source "ChessBase"]
[SourceDate "2019.10.17"]
[SourceVersion "1"]
[SourceVersionDate "2019.10.17"]
[SourceQuality "1"]
[WhiteTeam "Sonthofen"]
[BlackTeam "Lauingen"]
[WhiteTeamCountry "GER"]
[BlackTeamCountry "GER"]

1. e4 e6 2. d3 d5 3. Nd2 g6 4. Qe2 Ne7 5. Ngf3 Bg7 6. g3 0-0 7. Bg2 b6 8. 0-0 c5 9. Re1 Nbc6 10. c3 a5 11. Nf1 Ba6 12. e5 h6 13. h4 Ra7 14. N1h2 Nf5 15. Bf4 b5 16. Ng4 Rd7 17. Qd2 d4 18. c4 bxc4 19. dxc4 Bxc4 20. Rac1 Ba6 21. Rxc5 Nb4 22. Rd1 Qb6 23. Rdc1 Nxa2 24. Rc6 Qa7 25. Rxa6 Qxa6 26. Ra1 Qc4 27. b3 Qxb3 28. Qxa2 Qxa2 29. Rxa2 d3 30. Rxa5 Nd4 31. Nd2 Ne2+ 32. Kh2 Nxf4 33. gxf4 Rd4 34. Kg3 Rb8 35. Ra2 h5 36. Nf6+ Bxf6 37. exf6 Rbb4 38. Nf3 Rxf4 39. Ra8+ 1-0

[Event "Bad Woerishofen op 17th"]
[Site "Bad Woerishofen"]
[Date "2001.??.??"]
[Round "9"]
[White "Deues, Erik"]
[Black "Oberhofer, Max"]
[Result "0-1"]
[WhiteElo "2130"]
[BlackElo "2219"]
[PlyCount "70"]
[EventDate "2001.03.15"]
[EventType "swiss"]
[EventRounds "9"]
[EventCountry "GER"]
[SourceTitle "CBM 081 Extra"]
[Source "ChessBase"]
[SourceDate "2001.05.06"]
[SourceVersion "1"]
[SourceVersionDate "2001.05.06"]
[SourceQuality "1"]

1. d4 Nf6 2. c4 e6 3. Nc3 c5 4. d5 exd5 5. cxd5 d6 6. e4 g6 7. f4 Bg7 8. Bb5+ Nfd7 9. a4 0-0 10. Nf3 Re8 11. 0-0 Na6 12. e5 Nc7 13. exd6 Nxb5 14. Nxb5 Rf8 15. Nc7 Rb8 16. f5 Nf6 17. Ne6 fxe6 18. dxe6 Qb6 19. a5 Qc6 20. Ne5 Qe4 21. d7 Bxd7 22. Nxd7 Nxd7 23. exd7 Bd4+ 24. Kh1 Rxf5 25. Re1 Qc6 26. Qb3+ Kh8 27. Qg3 Ra8 28. Bg5 Qxd7 29. Re7 Raf8 30. h4 Rf1+ 31. Rxf1 Rxf1+ 32. Kh2 Bg1+ 33. Kh1 Bf2+ 34. Kh2 Bxg3+ 35. Kxg3 Qd6+ 0-1

[Event "Regionalliga SW 0001"]
[Site "Bayern"]
[Date "2000.11.12"]
[Round "2.1"]
[White "Oberhofer, Max"]
[Black "Schelle, Artur"]
[Result "1-0"]
[WhiteElo "2115"]
[BlackElo "2160"]
[PlyCount "79"]
[EventDate "2000.10.15"]
[EventType "team-tourn"]
[EventRounds "9"]
[EventCountry "GER"]
[SourceTitle "EXT 2020"]
[Source "ChessBase"]
[SourceDate "2019.10.17"]
[SourceVersion "1"]
[SourceVersionDate "2019.10.17"]
[SourceQuality "1"]
[WhiteTeam "Sonthofen"]
[BlackTeam "Muenchen Tarrasch"]
[WhiteTeamCountry "GER"]
[BlackTeamCountry "GER"]

1. d4 Nf6 2. Nf3 g6 3. g3 Bg7 4. Bg2 0-0 5. 0-0 d6 6. b3 c5 7. Bb2 Ne4 8. c4 Nc6 9. Na3 Qa5 10. Nc2 f5 11. Qd3 a6 12. Rfd1 cxd4 13. Ncxd4 Qc5 14. e3 Bd7 15. Nd2 Ne5 16. Qe2 Ng4 17. Rf1 Ngf6 18. Rac1 Qa5 19. Nxe4 Nxe4 20. Rfd1 e5 21. Nf3 Qxa2 22. Ra1 Qxb3 23. Nxe5 Be6 24. Bxe4 fxe4 25. Rxd6 Bh3 26. Bd4 Rf6 27. Rd5 Raf8 28. f4 exf3 29. Qf2 Re6 30. Nd3 Bxd4 31. Rxd4 g5 32. Nc5 Qc3 33. Re1 Rxe3 34. Rxe3 Qxd4 35. Nxb7 Qxc4 36. Nd6 Qb4 37. Qa2+ Kg7 38. Ne8+ Kh8 39. Qa1+ Kg8 40. Qg7# 1-0